Najbardziej wartościowi piłkarze Serie A 2022 - Statystyki

Ogólne statystyki
  • Ten quiz został rozwiązany 129 razy
    81 od ostatniego zresetowania
  • Średni wynik to 8 z 40
Statystyki odpowiedzi
Cena Piłkarz % Poprawnych
70 mln Sergej Milinković-Savić
59%
55 mln Fabian Ruiz
57%
85 mln Dusan Vlahović
49%
35 mln Hakan Calhanoglu
48%
70 mln Matthijs De Ligt
45%
70 mln Rafael Leao
43%
55 mln Theo Hernandez
41%
70 mln Nicolo Barella
36%
75 mln Lautaro Martinez
30%
35 mln Manuel Locatelli
29%
35 mln Paulo Dybala
29%
30 mln Gianluca Scamacca
28%
65 mln Federico Chiesa
26%
45 mln Lorenzo Pellegrini
26%
35 mln Mike Maignan
26%
33 mln Nicolo Zaniolo
26%
50 mln Tammy Abraham
26%
50 mln Sandro Tonali
25%
50 mln Fikayo Tomori
19%
65 mln Milan Škriniar
19%
65 mln Victor Osimhen
19%
35 mln Bremer
16%
60 mln Alessandro Bastoni
14%
35 mln Kalidou Koulibaly
14%
40 mln Marcelo Brozović
12%
45 mln Franck Kessie
10%
35 mln Domenico Berardi
9%
30 mln Andre Zambo Anguissa
6%
40 mln Piotr Zieliński
4%
28 mln Luis Alberto
3%
33 mln Ismael Bennacer
1%
27 mln Denis Zakaria
0%
28 mln Duvan Zapata
0%
28 mln Giacomo Raspadori
0%
30 mln Hirving Lozano
0%
28 mln Mario Pasalić
0%
28 mln Pierre Kalulu
0%
28 mln Robin Gosens
0%
28 mln Ruslan Malinovskyi
0%
28 mln Stefan De Vrij
0%
Nie znaleziono quizów pasujących do podanych kryteriów
Rozkład punktacji
Procent ludzi z każdym wynikiem
Percentyl według liczby udzielonych odpowiedzi
Twoja historia wyników
Nie rozwiązałeś tego quizu od ostatniego zresetowania